Pokémon - De facile à difficile ! - Statistiques

Statistiques générales
  • Ce quiz a été pris 1 845 fois
  • Le résultat moyen est 10 sur 15
Statistiques - réponses
Questions Réponse % Correct
Combien Évoli a-t-il d'évolutions ? (Écrire en lettres) Huit
95%
Quel type compte le plus de Pokémons ? Eau
94%
Combien de types y'a-t-il en tout ? 18
93%
En quelle génération est apparue le type Acier ? (Écrire en lettres) Deux
91%
Quelle est la couleur d'un Aquali chromatique (Shiny) ? Violet - Rose
85%
Quel type compte le moins de Pokémons ? Spectre
82%
Quel Pokémon se cache derrière le Spectre de Lavanville ? Ossatueur
72%
Combien de jeux Pokémon de la série principale y'a-t-il eu en tout (Pokémon Let's Go non-compris) ? 29
66%
Dans le Pokédex National d'Unys, quel numéro porte le Pokémon Légendaire : Victini 000
63%
Quel Pokémon est le seul à avoir le double type Eau-Acier ? Pingoléon
62%
Quelle est la plus forte statistique de base d'un Insolourdo ? Points de Vie
57%
Quel est le Pokémon le plus lourd, tous jeux confondus ? Cosmovum (Avec un poids de 999.9 kg)
55%
Quel est l'attaque signature d'Exagide ? Bouclier Royal
50%
Quel Pokémon de type Spectre-Plante a pour description : " Les nuits de nouvelle lune, ce Pokémon erre dans les rues en chantant d'une voix lugubre. Ceux qui l'entendent sont maudits." ? Banshitrouye
38%
Combien y'a-t-il de Pokémons de type Vol ? 82
24%
Aucun quiz correspondant
Distribution des résultats
% des personnes avec chaque résultat
Percentile par nombre de réponses
Votre historique - résultats
Vous n’avez pas pris ce quiz